Proyectos de inversin̤ para las PYME

Bibliographic Details
Main Author: Flr̤ez Uribe, Juan Antonio
Format: eBook
Language:Spanish
Published: Bogot:̀ ECOE, 2017
Subjects:
Online Access:Acceso restringido

MARC

LEADER 00000nam a22000007a 4500
005 20220211215527.0
007 cr|||| ||||
008 220211s2017 co |||||s|||| 00||0 spa d
020 |a 9789587715170 
035 |a 35885 
040 |a vLex 
090 |c 12966  |d 12966 
100 1 |a Flr̤ez Uribe, Juan Antonio 
245 1 0 |a Proyectos de inversin̤ para las PYME  |h [Recurso electrn̤ico] /  |c Juan Antonio Flr̤ez Uribe 
256 |a Servicio en ln̕ea 
260 |a Bogot:̀  |b ECOE,  |c 2017 
300 |a 1 recurso electrn̤ico 
506 1 |a Disponible solo en los productos indicados  |d vLex Global  |d vLex Global (Academic Edition, excluding Law Schools)  |d vLex Global (U.S. Academic Edition, Law Schools)  |d vLex Global (U.S. Academic Edition, excluding Law Schools)  |d vLex Global (Academic Edition, Law Schools) 
650 0 4 |a Derecho Mercantil y de la Empresa  |z Colombia 
740 0 |a vLex Libros (Servicio en ln̕ea) 
856 4 0 |u https://app.vlex.com/#/sources/35885  |z Acceso restringido 
942 |c BOOK 
999 0 |a Commercial and Company Law